000
00350nam a2200133 a 4500
005
20140414131905.0
008
090317s19uu xx 00 eng d
020
_a
050
_a
FIC
_b
St8 1997
100
_a
Strasser, Todd
245
_a
Help! I'm trapped in obedience school again.
260
_a
New York :
_b
Scholastic ,
_c
1997.
999
_c
110903
_d
110903